000 008280000a22002170004500
090 _aAR
_b03877
245 1 0 _aObservations of Crecedylians in El Parque Nacional Natural la Macarena, Meta, Colombia and in el territorio faunístico de Tuparro, Vichada, Colombia
500 _a<Colección Biocomercio>
650 1 4 _aCocodrilos
_993090
650 1 4 _aDistribución geográfica
_992997
650 1 4 _aTaxonomía animal
_98245
651 4 _lParque Nacional Natural La Macarena
_dMeta
_pColombia
_992749
651 4 _lParque Nacional Natural Tuparro
_dVichada
_pColombia
_992749
653 _gCrocodylus
_eCrocodylus intermedius
653 _gPaleosuchus
_ePaleosuchus trigonatus
653 _gCaiman
_eCaiman sclerops
041 0 _aInglés
100 1 _aLemke, Thomas O.
_994672
942 _cARTICULO
773 1 _tPreprint
_q1-5
_d1977
999 _c12912
_d12912